Tens fome ? (Registo nº 3710)

Detalhes MARC
000 -Etiqueta do registo
Cabeçalho 00642nam a2200229 4500
005 - Identificador da versão
Campo de controlo 20240902113658.0
010 ## - Número internacional normalizado dos livros (ISBN)
Número (ISBN) 989500091X
021 ## - Número do Depósito Legal
Código do país PT
Número 218153/04
100 ## - Dados gerais de processamento
Dados gerais de processamento 20060126d2004 d y0pory5003 ba
101 1# - Língua de publicação
Língua do texto, banda sonora, etc. Português
Língua do documento no original Inglês
102 ## - Pais de publicação ou produção
País de publicação Portugal
200 1# - Titulo e menção de responsabilidade
Título próprio Tens fome ?
Primeira menção de responsabilidade Anita Ganeri
Outras menções de responsabilidade trad. Maria João Rodrigues
210 ## - Publicação, Distribuição, etc. 
Lugar da edição, distribuição, etc. Rio de Mouro
Nome do editor, distribuidor, etc. Everest
Data da publicação, distribuição, etc. [2004?]
Data da impressão imp. 2004
215 ## - Descrição física 
Indicação específica da natureza do documento e extensão da espécie 31 p.
Outras indicações físicas il.
Dimensões 27 cm
225 1# - Colecção 
Título próprio da colecção O nosso corpo
606 ## - Nome comum usado como assunto
Número de registo de entrada de autoridade 0000100
Palavra de ordem Aparelho digestivo|2CA
675 ## - Classificação Decimal Universal (CDU)
Notação 611.3(0.05)
Edição 3ª ed.
Língua da edição por
700 #1 - Nome de autor-pessoa física (responsabilidade principal)
Número de registo de entrada de autoridade 0000102
Palavra de ordem Ganeri
Outra parte do nome não tomada para palavra de ordem Anita
702 #1 - Nome de autor-pessoa física (responsabilidade secundária)
Número de registo de entrada de autoridade 0000103
Palavra de ordem Rodrigues
Outra parte do nome não tomada para palavra de ordem Maria João
Código de função Tradutor
942 ## - Elementos de entrada adicionados (Koha)
Tipo de item no Koha Livro
Exemplares
Situação do levantamento Origin of item (home branch) (coded) Biblioteca de empréstimo Código de barras Cota Circulation type (not for loan) Tipo de documento Nota do exemplar Damaged status
  Biblioteca Escolar das Vendas Biblioteca Escolar das Vendas BEV999 6ANA GAN   Livro Sem mensagem